00928nam a22002537a 4500999001700000003000500017005001700022008004100039020002700080038001800107040001900125082003200144100006000176245006500236250001100301260003700312300002800349538002300377600003100400856002600431942001200457952010000469952010500569 c23273d23273NUST20190925163531.0140409b xxu||||| |||| 00| 0 eng d a8178084627cAvailable  aNusrat Nadeem aDLCbDLCcRCMS b00001523rd,ed.a004.362COU aCoulouris, george & jean Dollimore & Tim Kindberg95354 aDistributed Systems: Concept & Design cCoulouris, George  a3rd Ed aIndiabPearson Educationcc,2004 axiii,772,p:bPb:c22,cm iSupercomputing Lab xDistributed Systems921442 3Table of Content Only cBK2ddc 00102ddc4070aNQCbNQCcGENd2013-03-07o004.3621COUpRCMS000015r2013-03-07w2013-03-07yBK 00102ddc4070aRCMSbRCMScGENd2014-09-12l0o004.3621COUpRCMS002566r2014-09-12w2014-09-12yBK